[Event "RUS-chT2"]
[Site "Sochi"]
[Date "2008.04.11"]
[Round "9"]
[White "Abashev, Denis"]
[Black "Olenin, Nikolay"]
[Result "1/2-1/2"]
[WhiteElo "2442"]
[BlackElo "2353"]
[PlyCount "66"]
[EventDate "2008.04.03"]
[EventType "team"]
[EventRounds "9"]
[EventCountry "RUS"]
[SourceTitle "CBM 123 Extra"]
[Source "ChessBase"]
[SourceDate "2008.05.06"]
[SourceVersion "1"]
[SourceVersionDate "2008.05.06"]
[SourceQuality "1"]

1. e4 e6 2. d4 d5 3. Nc3 Nf6 4. Bg5 dxe4 5. Nxe4 Be7 6. Bxf6 gxf6 7. Nf3 b6 8. Bd3 Bb7 9. Qe2 c6 10. 0-0-0 Qc7 11. Rhe1 Nd7 12. Kb1 0-0-0 13. Ba6 Rhg8 14. g3 Bxa6 15. Qxa6+ Kb8 16. Qe2 f5 17. Ned2 h5 18. Nc4 h4 19. gxh4 Rh8 20. Rg1 Bxh4 21. Rg7 Rdf8 22. Nfe5 Nf6 23. Ng6 Ne8 24. Nxf8 Nxg7 25. Nd7+ Qxd7 26. Qe5+ Qc7 27. Qxg7 Rd8 28. f3 c5 29. c3 f6 30. Qg1 Qf4 31. Qf1 cxd4 32. Na5 bxa5 33. Qb5+ Ka8 1/2-1/2

[Event "RUS-chT2"]
[Site "Sochi"]
[Date "2008.04.05"]
[Round "3"]
[White "Pogromsky, Mikhail"]
[Black "Abashev, Denis"]
[Result "1-0"]
[WhiteElo "2408"]
[BlackElo "2442"]
[PlyCount "100"]
[EventDate "2008.04.03"]
[EventType "team"]
[EventRounds "9"]
[EventCountry "RUS"]
[SourceTitle "CBM 123 Extra"]
[Source "ChessBase"]
[SourceDate "2008.05.06"]
[SourceVersion "1"]
[SourceVersionDate "2008.05.06"]
[SourceQuality "1"]

1. d4 Nf6 2. c4 g6 3. Nc3 Bg7 4. e4 d6 5. Nf3 0-0 6. Be2 e5 7. 0-0 Na6 8. Be3 h6 9. dxe5 Ng4 10. Bd2 Nxe5 11. Nxe5 dxe5 12. Qc1 Kh7 13. Rd1 Qh4 14. Be3 c6 15. g3 Qe7 16. Qd2 Re8 17. Qd6 Qxd6 18. Rxd6 Bf8 19. Rd2 Nc5 20. Rad1 a5 21. Rd8 Be6 22. Rxe8 Rxe8 23. f3 Bc8 24. Bf1 Kg7 25. h4 f5 26. Kh2 Kf7 27. h5 gxh5 28. Bh3 h4 29. gxh4 fxe4 30. Bxc8 Rxc8 31. Bxc5 Bxc5 32. Nxe4 Be7 33. Nd6+ Bxd6 34. Rxd6 e4 35. fxe4 Re8 36. Rxh6 Rxe4 37. b3 Kg7 38. Rd6 Re2+ 39. Kg3 Rxa2 40. Rd7+ Kg6 41. Rxb7 a4 42. b4 Rb2 43. Kf4 c5 44. Rb6+ Kf7 45. bxc5 a3 46. Ra6 Rc2 47. Ke5 Rxc4 48. Kd6 Rd4+ 49. Kc7 Rxh4 50. Rxa3 Ke7 1-0

[Event "RUS-chT2"]
[Site "Sochi"]
[Date "2008.04.03"]
[Round "1"]
[White "Dashibalov, Erdem"]
[Black "Abashev, Denis"]
[Result "1/2-1/2"]
[WhiteElo "2408"]
[BlackElo "2442"]
[PlyCount "63"]
[EventDate "2008.04.03"]
[EventType "team"]
[EventRounds "9"]
[EventCountry "RUS"]
[SourceTitle "CBM 123 Extra"]
[Source "ChessBase"]
[SourceDate "2008.05.06"]
[SourceVersion "1"]
[SourceVersionDate "2008.05.06"]
[SourceQuality "1"]

1. d4 Nf6 2. c4 g6 3. g3 Bg7 4. Bg2 0-0 5. Nc3 d6 6. Nf3 Nbd7 7. 0-0 e5 8. e4 c6 9. b3 Re8 10. h3 a6 11. Be3 b5 12. dxe5 dxe5 13. Qc2 Qe7 14. Nd2 Bb7 15. a3 Nc5 16. cxb5 cxb5 17. Nd5 Nxd5 18. Bxc5 Rac8 19. b4 Nb6 20. Rac1 Qe6 21. Qb3 Bh6 22. Qxe6 Rxe6 23. Rcd1 Na4 24. Nb3 Nc3 25. Rd6 Bxe4 26. Bxe4 Nxe4 27. Rxe6 fxe6 28. Re1 Nd2 29. Nxd2 Bxd2 30. Rd1 Bc3 31. Rd6 Bd4 32. Rxa6 1/2-1/2

[Event "RUS-chT2"]
[Site "Sochi"]
[Date "2007.05.03"]
[Round "1"]
[White "Yemelin, Vasily"]
[Black "Abashev, Denis"]
[Result "0-1"]
[WhiteElo "2564"]
[BlackElo "2419"]
[PlyCount "86"]
[EventDate "2007.05.03"]
[EventType "team"]
[EventRounds "9"]
[EventCountry "RUS"]
[SourceTitle "EXT 2020"]
[Source "ChessBase"]
[SourceDate "2019.10.17"]
[SourceVersion "1"]
[SourceVersionDate "2019.10.17"]
[SourceQuality "1"]
[WhiteTeam "Sankt Petersburg FINEK"]
[WhiteTeamCountry "RUS"]

1. e4 c5 2. Nf3 e6 3. d3 d5 4. Qe2 Nf6 5. g3 Be7 6. Bg2 Nc6 7. 0-0 b5 8. Re1 Bb7 9. Nbd2 b4 10. h4 a5 11. c4 dxe4 12. Nxe4 Nxe4 13. Qxe4 Ra7 14. Qe2 Ba8 15. Be3 Rd7 16. a3 b3 17. Rad1 0-0 18. g4 Qc7 19. g5 Rfd8 20. h5 Ne5 21. Nxe5 Qxe5 22. f4 Qf5 23. Bxa8 Rxa8 24. Rd2 Rad8 25. Red1 a4 26. Kg2 f6 27. gxf6 Bxf6 28. Kg3 Bd4 29. Kg2 Bxe3 30. Qxe3 Qg4+ 31. Qg3 Qxh5 32. d4 Rxd4 33. Rxd4 Rxd4 34. Rxd4 cxd4 35. Qe1 Qg4+ 36. Kh1 Kf7 37. Qd2 Qh5+ 38. Kg2 Qg4+ 39. Kf2 e5 40. fxe5 Qf5+ 41. Kg1 Qb1+ 42. Kf2 Qc2 43. Ke1 Qxd2+ 0-1

[Event "Buryatia-ch"]
[Site "Ulan-Ude"]
[Date "2006.12.10"]
[Round "9"]
[White "Abashev, Denis"]
[Black "Namgilov, Sogto"]
[Result "0-1"]
[WhiteElo "2434"]
[BlackElo "2434"]
[PlyCount "65"]
[EventDate "2006.12.02"]
[EventType "swiss"]
[EventRounds "9"]
[EventCountry "RUS"]
[SourceTitle "EXT 2022"]
[Source "ChessBase"]
[SourceDate "2021.10.06"]
[SourceVersion "1"]
[SourceVersionDate "2021.10.06"]
[SourceQuality "1"]

1. e4 c5 2. Nf3 d6 3. d4 cxd4 4. Nxd4 Nf6 5. Nc3 a6 6. Be2 e6 7. 0-0 Be7 8. f4 Qc7 9. a4 0-0 10. Kh1 Nc6 11. Be3 Re8 12. Bg1 Bf8 13. Qd3 Bd7 14. a5 Nxa5 15. e5 dxe5 16. fxe5 Qxe5 17. Nf3 Qc7 18. Ng5 h6 19. Rxf6 hxg5 20. Rxf7 Kxf7 21. Rf1+ Ke7 22. Bh5 g6 23. Bxg6 Nc4 24. Rf7+ Kd8 25. Rxd7+ Qxd7 26. Qxc4 Bd6 27. Bb6+ Ke7 28. Ne4 Rg8 29. Bh5 Qb5 30. Nxd6 Qxb6 31. Nf5+ exf5 32. Qf7+ Kd6 33. Qf6+ 0-1

[Event "Buryatia-ch"]
[Site "Ulan-Ude"]
[Date "2006.12.06"]
[Round "6"]
[White "Ivakhinova, Inna"]
[Black "Abashev, Denis"]
[Result "0-1"]
[WhiteElo "2216"]
[BlackElo "2419"]
[PlyCount "40"]
[EventDate "2006.12.02"]
[EventType "swiss"]
[EventRounds "9"]
[EventCountry "RUS"]
[SourceTitle "EXT 2008"]
[Source "ChessBase"]
[SourceDate "2007.11.25"]
[SourceVersion "1"]
[SourceVersionDate "2007.11.25"]
[SourceQuality "1"]

1. e4 c5 2. Nf3 Nc6 3. d4 cxd4 4. Nxd4 Qb6 5. Nb3 Nf6 6. Nc3 e6 7. Bd3 a6 8. 0-0 Qc7 9. a4 b6 10. Be3 Be7 11. f4 d6 12. g4 Nb4 13. Qf3 Bb7 14. Qh3 d5 15. e5 Ne4 16. Bd4 Nc5 17. Nxc5 bxc5 18. Bf2 d4 19. Na2 Qc6 20. Be1 Nxa2 0-1

[Event "RUS-chT2 13th"]
[Site "Sochi"]
[Date "2006.04.27"]
[Round "8"]
[White "Tunik, Gennady"]
[Black "Abashev, Denis"]
[Result "0-1"]
[WhiteElo "2484"]
[BlackElo "2440"]
[PlyCount "158"]
[EventDate "2006.04.20"]
[EventType "team"]
[EventRounds "11"]
[EventCountry "RUS"]
[SourceTitle "EXT 2007"]
[Source "ChessBase"]
[SourceDate "2006.11.23"]
[SourceVersion "1"]
[SourceVersionDate "2006.11.23"]
[SourceQuality "1"]

1. d4 Nf6 2. c4 g6 3. Nc3 Bg7 4. e4 d6 5. Nf3 0-0 6. Be2 e5 7. Be3 Ng4 8. Bg5 f6 9. Bc1 exd4 10. Nxd4 f5 11. h3 Nh6 12. Bxh6 Bxh6 13. exf5 gxf5 14. 0-0 Na6 15. Bf3 c6 16. Re1 Qf6 17. Nb3 Bf4 18. Qe2 Bd7 19. c5 Kh8 20. Qe7 Qxe7 21. Rxe7 Rad8 22. cxd6 Bxd6 23. Re2 Bc8 24. Rae1 Nc5 25. Nxc5 Bxc5 26. a3 Bd4 27. Na4 Kg7 28. b4 Kf6 29. Nc5 Bc3 30. Rc1 Bd2 31. Rc2 Bf4 32. g3 Bd6 33. Nb3 Rfe8 34. Red2 Be5 35. Nc5 Rxd2 36. Rxd2 Ke7 37. b5 Bd6 38. bxc6 Bxc5 39. Re2+ Be6 40. cxb7 Kd6 41. Rd2+ Kc7 42. Rc2 Kb6 43. Rb2+ Kc7 44. Rc2 Kd6 45. Rd2+ Ke7 46. Re2 Kf6 47. a4 Rb8 48. a5 Bd6 49. a6 Bc4 50. Rc2 Bb5 51. Ra2 Re8 52. Kg2 Bb8 53. Rc2 Ke7 54. Rc5 Bxa6 55. Rxf5 Bd3 56. Rc5 Rd8 57. h4 Bd6 58. Rc8 Bf5 59. Rc6 Bd3 60. Rc8 Ba6 61. Rc1 Bb5 62. Rc8 a5 63. Ra8 a4 64. Ra5 Be8 65. Ra7 Rb8 66. Bd5 a3 67. Ra6 Kd7 68. f4 Kc7 69. Kh3 Bb5 70. Ra8 Bc6 71. Bxc6 Kxc6 72. Ra6+ Kc7 73. Kg4 Rxb7 74. Kf5 Rb3 75. g4 Rf3 76. h5 Rxf4+ 77. Kg5 Rd4 78. Kh6 Kb7 79. Ra5 Bb4 0-1

[Event "RUS-chT2 13th"]
[Site "Sochi"]
[Date "2006.04.26"]
[Round "7"]
[White "Kryakvin, Dmitry"]
[Black "Abashev, Denis"]
[Result "1-0"]
[WhiteElo "2472"]
[BlackElo "2440"]
[PlyCount "83"]
[EventDate "2006.04.20"]
[EventType "team"]
[EventRounds "11"]
[EventCountry "RUS"]
[SourceTitle "EXT 2007"]
[Source "ChessBase"]
[SourceDate "2006.11.23"]
[SourceVersion "1"]
[SourceVersionDate "2006.11.23"]
[SourceQuality "1"]

1. d4 Nf6 2. c4 g6 3. Nc3 Bg7 4. e4 d6 5. Nf3 0-0 6. Be2 e5 7. d5 a5 8. Bg5 Na6 9. Nd2 Qe8 10. 0-0 Kh8 11. a3 Bd7 12. b3 Ng8 13. Qb1 f5 14. f3 Bh6 15. Bxh6 Nxh6 16. b4 axb4 17. axb4 Qe7 18. Qb2 f4 19. Nd1 Nf7 20. Nf2 g5 21. Rfc1 Rfb8 22. Qc3 c5 23. dxc6 bxc6 24. c5 Nc7 25. Rxa8 Rxa8 26. cxd6 Nxd6 27. Qc5 Qf6 28. Nc4 Nxc4 29. Bxc4 g4 30. fxg4 f3 31. gxf3 Rf8 32. Rf1 h5 33. Nd3 Re8 34. f4 Bxg4 35. Nxe5 Be6 36. Kh1 Bxc4 37. Qxc4 Ne6 38. Qxc6 Rg8 39. Qd7 Rg7 40. Qe8+ Kh7 41. Qxh5+ Kg8 42. Qf5 1-0

[Event "RUS-chT2"]
[Site "Sochi"]
[Date "2004.04.26"]
[Round "7.3"]
[White "Tomashevsky, Evgeny"]
[Black "Abashev, Denis"]
[Result "1-0"]
[WhiteElo "2503"]
[BlackElo "2412"]
[PlyCount "81"]
[EventDate "2004.04.20"]
[EventType "team"]
[EventRounds "9"]
[EventCountry "RUS"]
[SourceTitle "CBM 100 Extra"]
[Source "ChessBase"]
[SourceDate "2004.07.06"]
[SourceVersion "2"]
[SourceVersionDate "2004.07.06"]
[SourceQuality "1"]
[WhiteTeam "01"]
[BlackTeam "06"]
[WhiteTeamCountry "RUS"]
[BlackTeamCountry "RUS"]

1. c4 c5 2. Nf3 Nc6 3. d4 cxd4 4. Nxd4 e5 5. Nb5 d6 6. g3 Be7 7. Bg2 f5 8. 0-0 Nf6 9. b3 a6 10. N5c3 0-0 11. Bb2 Be6 12. Nd5 Rc8 13. Nbc3 Rf7 14. Nxe7+ Rxe7 15. Qd2 Rd7 16. Nd5 Ne7 17. Nxe7+ Qxe7 18. Rac1 Qf7 19. Rfd1 Rcd8 20. Qa5 e4 21. e3 d5 22. Bf1 f4 23. exf4 d4 24. Qe5 Ng4 25. Qxe4 Bf5 26. Qg2 Nf6 27. f3 d3 28. Rd2 h5 29. Re1 Re7 30. Rxe7 Qxe7 31. Qf2 Qb4 32. Bd4 a5 33. h3 b5 34. g4 Bh7 35. cxb5 Qxb5 36. Bxf6 gxf6 37. f5 a4 38. bxa4 Qxa4 39. Rxd3 Rxd3 40. Bxd3 Qd1+ 41. Qf1 1-0

[Event "RUS-chT2"]
[Site "Sochi"]
[Date "2004.04.20"]
[Round "1.3"]
[White "Volzhin, Alexander"]
[Black "Abashev, Denis"]
[Result "1-0"]
[WhiteElo "2539"]
[BlackElo "2412"]
[PlyCount "81"]
[EventDate "2004.04.20"]
[EventType "team"]
[EventRounds "9"]
[EventCountry "RUS"]
[SourceTitle "CBM 100 Extra"]
[Source "ChessBase"]
[SourceDate "2004.07.06"]
[SourceVersion "2"]
[SourceVersionDate "2004.07.06"]
[SourceQuality "1"]
[WhiteTeam "03"]
[BlackTeam "06"]
[WhiteTeamCountry "RUS"]
[BlackTeamCountry "RUS"]

1. d4 Nf6 2. c4 g6 3. Nc3 Bg7 4. e4 d6 5. Be2 0-0 6. Bg5 Na6 7. Nf3 h6 8. Be3 Ng4 9. Bc1 e5 10. 0-0 c6 11. dxe5 Nxe5 12. Nd4 g5 13. Be3 Be6 14. b3 Ng6 15. Rc1 Be5 16. Qd2 Qf6 17. Nf3 Nf4 18. Nxe5 dxe5 19. Rfd1 Rad8 20. Qb2 b6 21. Bf1 Bc8 22. b4 Rxd1 23. Rxd1 Rd8 24. Rxd8+ Qxd8 25. b5 cxb5 26. cxb5 Nc5 27. Qa3 Qc7 28. g3 Nfe6 29. Nd5 Qb8 30. Ne7+ Kg7 31. Nc6 Qd6 32. Qxa7 Nf4 33. Bxc5 Qd1 34. Nxe5 Ne2+ 35. Kg2 Bh3+ 36. Kxh3 Nf4+ 37. gxf4 Qxf1+ 38. Kg3 Qg1+ 39. Kf3 Qh1+ 40. Ke2 Qxe4+ 41. Be3 1-0

[Event "RUS-chT rapid"]
[Site "Sochi"]
[Date "2004.04.??"]
[Round "2"]
[White "Abashev, Denis"]
[Black "Vorobiov, Evgeny E"]
[Result "0-1"]
[WhiteElo "2398"]
[BlackElo "2544"]
[PlyCount "72"]
[EventDate "2004.04.??"]
[EventType "team (rapid)"]
[EventRounds "9"]
[EventCountry "RUS"]
[SourceTitle "EXT 2005"]
[Source "ChessBase"]
[SourceDate "2004.11.15"]
[SourceVersion "1"]
[SourceVersionDate "2004.11.15"]
[SourceQuality "1"]

1. e4 c5 2. Nf3 e6 3. d4 cxd4 4. Nxd4 Nc6 5. Nc3 Qc7 6. Be2 a6 7. 0-0 Nf6 8. Be3 Be7 9. f4 d6 10. a4 0-0 11. Kh1 Re8 12. a5 Nxa5 13. e5 dxe5 14. fxe5 Qxe5 15. Bf4 Qc5 16. Na4 Qa7 17. Bc7 Nc6 18. Nb6 Nxd4 19. Qxd4 Bd7 20. Rad1 Bc6 21. Nxa8 Qxd4 22. Rxd4 Rxa8 23. Bf3 Nd5 24. Bxd5 Bxd5 25. c4 Bc6 26. Rfd1 f6 27. Bd6 Kf7 28. Bxe7 Kxe7 29. b4 Rc8 30. Kg1 e5 31. Rd6 Ba4 32. R1d2 Rxc4 33. Rd8 Rxb4 34. Rg8 Kf7 35. Rdd8 Bc6 36. Rgf8+ Ke7 0-1

[Event "Moscow Aeroflot op-B"]
[Site "Moscow"]
[Date "2004.02.24"]
[Round "8"]
[White "Papin, Vasily"]
[Black "Abashev, Denis"]
[Result "1-0"]
[WhiteElo "2394"]
[BlackElo "2414"]
[PlyCount "121"]
[EventDate "2004.02.17"]
[EventType "swiss"]
[EventRounds "9"]
[EventCountry "RUS"]
[SourceTitle "EXT 2005"]
[Source "ChessBase"]
[SourceDate "2004.11.15"]
[SourceVersion "1"]
[SourceVersionDate "2004.11.15"]
[SourceQuality "1"]

1. e4 c5 2. Nf3 Nc6 3. Bb5 g6 4. Bxc6 dxc6 5. d3 Bg7 6. h3 Nf6 7. Nc3 0-0 8. Be3 b6 9. Qd2 e5 10. Bh6 Qd6 11. 0-0-0 a5 12. g4 a4 13. Bxg7 Kxg7 14. Nh4 a3 15. b3 b5 16. f4 exf4 17. Nf3 Nd7 18. Ne2 b4 19. Qxf4 Qxf4+ 20. Nxf4 Re8 21. Rhe1 Ne5 22. Nxe5 Rxe5 23. d4 cxd4 24. Rxd4 c5 25. Rd5 Rxd5 26. exd5 g5 27. Nd3 f5 28. Re8 fxg4 29. hxg4 Kf7 30. Rh8 Ke7 31. Nxc5 Kd6 32. Ne4+ Kxd5 33. Nxg5 h6 34. Rd8+ Kc6 35. Nf7 Kc7 36. Rd4 Be6 37. Nxh6 Rf8 38. Nf5 Rh8 39. Rxb4 Rh1+ 40. Kd2 Ra1 41. Nd4 Bd7 42. Nb5+ Kc6 43. Nxa3 Rxa2 44. Nb1 Be6 45. Nc3 Ra1 46. Nd1 Kc5 47. Rf4 Ra2 48. Kc3 Ra1 49. Ne3 Rg1 50. Rf6 Kd6 51. Kd4 Ke7 52. Rh6 Kf7 53. Ke5 Bc8 54. Rh7+ Kg6 55. Rc7 Bxg4 56. Nxg4 Rxg4 57. c4 Rg1 58. b4 Re1+ 59. Kd5 Kf6 60. b5 Rd1+ 61. Kc6 1-0

[Event "RUS-chT 10th Group1"]
[Site "Togliatti"]
[Date "2003.05.21"]
[Round "6"]
[White "Abashev, Denis"]
[Black "Sveshnikov, Evgeny"]
[Result "0-1"]
[WhiteElo "2437"]
[BlackElo "2551"]
[PlyCount "64"]
[EventDate "2003.05.16"]
[EventType "team-tourn"]
[EventRounds "6"]
[EventCountry "RUS"]
[SourceTitle "EXT 2020"]
[Source "ChessBase"]
[SourceDate "2019.10.17"]
[SourceVersion "1"]
[SourceVersionDate "2019.10.17"]
[SourceQuality "1"]
[WhiteTeam "Chita Zabaikalets"]
[BlackTeam "Sverdlovsk Ural region"]
[WhiteTeamCountry "RUS"]
[BlackTeamCountry "RUS"]

1. e4 c5 2. Nf3 Nc6 3. Nc3 e6 4. Bb5 Nge7 5. 0-0 Ng6 6. d4 cxd4 7. Nxd4 Be7 8. Be3 0-0 9. f4 a6 10. Be2 d6 11. a4 Nxd4 12. Qxd4 Nxf4 13. Bxf4 e5 14. Qb4 a5 15. Qa3 exf4 16. Nd5 Bf6 17. Rxf4 Be5 18. Rff1 Qh4 19. g3 Qxe4 20. Qf3 Qd4+ 21. Kg2 Be6 22. Rad1 Qxb2 23. Bd3 g6 24. Rb1 Qd4 25. Ne7+ Kg7 26. Rxb7 Qxa4 27. Be4 Qd4 28. Rb5 Bc4 29. Rd1 Qc3 30. Qxc3 Bxc3 31. Rb6 Rae8 32. Rc6 Be2 0-1

[Event "RUS-chT 10th Group1"]
[Site "Togliatti"]
[Date "2003.05.18"]
[Round "3"]
[White "Khalifman, Alexander"]
[Black "Abashev, Denis"]
[Result "1-0"]
[WhiteElo "2702"]
[BlackElo "2437"]
[PlyCount "59"]
[EventDate "2003.05.16"]
[EventType "team-tourn"]
[EventRounds "6"]
[EventCountry "RUS"]
[SourceTitle "EXT 2020"]
[Source "ChessBase"]
[SourceDate "2019.10.17"]
[SourceVersion "1"]
[SourceVersionDate "2019.10.17"]
[SourceQuality "1"]
[WhiteTeam "Tomsk 400"]
[BlackTeam "Chita Zabaikalets"]
[WhiteTeamCountry "RUS"]
[BlackTeamCountry "RUS"]

1. d4 Nf6 2. c4 g6 3. Nc3 Bg7 4. e4 d6 5. Nf3 0-0 6. Be2 e5 7. Be3 Na6 8. 0-0 Ng4 9. Bg5 Qe8 10. dxe5 dxe5 11. h3 f6 12. Bd2 Nh6 13. c5 c6 14. Bxa6 bxa6 15. Bxh6 Bxh6 16. Qa4 Rf7 17. Rad1 Bf8 18. b4 Qe6 19. Rd3 Bb7 20. Rfd1 Re8 21. Nd2 Ree7 22. Rd6 Qc8 23. Nc4 Rd7 24. Rxd7 Rxd7 25. Nd6 Bxd6 26. cxd6 Qf8 27. Qb3+ Kg7 28. Qe6 Bc8 29. Na4 Qf7 30. Nc5 1-0

[Event "RUS-chT 10th Group1"]
[Site "Togliatti"]
[Date "2003.05.16"]
[Round "1"]
[White "Yevseev, Denis"]
[Black "Abashev, Denis"]
[Result "1-0"]
[WhiteElo "2580"]
[BlackElo "2437"]
[PlyCount "71"]
[EventDate "2003.05.16"]
[EventType "team-tourn"]
[EventRounds "6"]
[EventCountry "RUS"]
[SourceTitle "EXT 2020"]
[Source "ChessBase"]
[SourceDate "2019.10.17"]
[SourceVersion "1"]
[SourceVersionDate "2019.10.17"]
[SourceQuality "1"]
[WhiteTeam "Sankt Petersburg Lentransgaz II"]
[BlackTeam "Chita Zabaikalets"]
[WhiteTeamCountry "RUS"]
[BlackTeamCountry "RUS"]

1. d4 Nf6 2. c4 g6 3. Nc3 Bg7 4. e4 d6 5. Be2 0-0 6. Bg5 Na6 7. f4 Qe8 8. Nf3 e5 9. fxe5 dxe5 10. d5 h6 11. Bh4 Ng4 12. Qd2 f5 13. h3 Nf6 14. exf5 gxf5 15. 0-0 Nc5 16. Rae1 Nce4 17. Nxe4 Nxe4 18. Qe3 Qg6 19. Bd3 Bd7 20. Bxe4 fxe4 21. Nd2 c6 22. Nxe4 cxd5 23. cxd5 Rf4 24. Be7 Qf7 25. d6 Bc6 26. Qd3 Kh8 27. Rxf4 exf4 28. Nd2 Bf6 29. Bxf6+ Qxf6 30. Re7 Kg8 31. Ne4 Qg6 32. Qc4+ Kf8 33. Qd4 Kg8 34. Nf6+ Kf8 35. Ng4 Kg8 36. Qxf4 1-0

[Event "Serpukhov-A"]
[Site "Serpukhov"]
[Date "2003.??.??"]
[Round "1"]
[White "Abashev, Denis"]
[Black "Arzumanian, Georgy"]
[Result "1-0"]
[WhiteElo "2407"]
[BlackElo "2455"]
[PlyCount "99"]
[EventDate "2003.01.??"]
[EventType "tourn"]
[EventRounds "17"]
[EventCountry "RUS"]
[EventCategory "8"]
[SourceTitle "EXT 2004"]
[Source "ChessBase"]
[SourceDate "2003.11.25"]
[SourceVersion "1"]
[SourceVersionDate "2003.11.25"]
[SourceQuality "1"]

1. e4 c5 2. Nf3 Nc6 3. Bb5 e6 4. 0-0 Nge7 5. Re1 Nd4 6. Nxd4 cxd4 7. d3 g6 8. Nd2 a6 9. Ba4 b5 10. Bb3 Bg7 11. Nf3 d6 12. Bg5 h6 13. Bd2 0-0 14. c3 e5 15. cxd4 exd4 16. a4 Bb7 17. axb5 axb5 18. Rxa8 Bxa8 19. Qa1 Kh7 20. Qa7 Nc6 21. Qa6 f5 22. exf5 Ne7 23. Ba5 Qd7 24. Be6 Qc6 25. Qxc6 Bxc6 26. fxg6+ Nxg6 27. Bg4 Nf4 28. Re7 h5 29. Nxd4 hxg4 30. Nxc6 Nd5 31. Re1 Nf4 32. Re7 Nd5 33. Re1 Nf4 34. Bd2 Nxd3 35. Re7 Kg8 36. Be3 Bxb2 37. Rd7 Rf6 38. Kf1 Ne5 39. Nxe5 Bxe5 40. Rb7 Bxh2 41. Bd4 Be5 42. Bxe5 dxe5 43. Ke2 Kf8 44. Ke3 Rf7 45. Rxb5 Rf5 46. Rb7 Rf7 47. Rb4 Rg7 48. Ke4 Rf7 49. Ke3 Rg7 50. Rb6 1-0

[Event "Serpukhov-A"]
[Site "Serpukhov"]
[Date "2003.??.??"]
[Round "2"]
[White "Andreev, Eduard"]
[Black "Abashev, Denis"]
[Result "1-0"]
[WhiteElo "2471"]
[BlackElo "2407"]
[PlyCount "68"]
[EventDate "2003.01.??"]
[EventType "tourn"]
[EventRounds "17"]
[EventCountry "RUS"]
[EventCategory "8"]
[SourceTitle "EXT 2004"]
[Source "ChessBase"]
[SourceDate "2003.11.25"]
[SourceVersion "1"]
[SourceVersionDate "2003.11.25"]
[SourceQuality "1"]

1. e4 c5 2. Nf3 d6 3. d4 cxd4 4. Nxd4 Nf6 5. Nc3 Nc6 6. Bg5 e6 7. Qd2 a6 8. 0-0-0 Bd7 9. f4 b5 10. Bxf6 gxf6 11. Nxc6 Bxc6 12. Bd3 b4 13. Ne2 Qb6 14. Ng3 h5 15. Qe2 Qc5 16. f5 Bh6+ 17. Kb1 Bf4 18. Nxh5 Be5 19. fxe6 fxe6 20. Bc4 Bb5 21. Bxb5+ Qxb5 22. Qg4 Qd7 23. Rhf1 Qf7 24. Nf4 f5 25. exf5 Qxf5 26. Qxf5 exf5 27. h3 Rg8 28. Nd5 Rxg2 29. Rxf5 Rc8 30. Rc1 Re2 31. Nxb4 Kd7 32. Nd3 Ke6 33. Rh5 Rg8 34. Rh6+ Kd5 1-0

[Event "Serpukhov-A"]
[Site "Serpukhov"]
[Date "2003.??.??"]
[Round "9"]
[White "Khismatullin, Denis Rimovich"]
[Black "Abashev, Denis"]
[Result "1/2-1/2"]
[WhiteElo "2431"]
[BlackElo "2407"]
[PlyCount "126"]
[EventDate "2003.01.??"]
[EventType "tourn"]
[EventRounds "17"]
[EventCountry "RUS"]
[EventCategory "8"]
[SourceTitle "EXT 2004"]
[Source "ChessBase"]
[SourceDate "2003.11.25"]
[SourceVersion "1"]
[SourceVersionDate "2003.11.25"]
[SourceQuality "1"]

1. c4 c5 2. Nf3 Nf6 3. Nc3 e6 4. g3 b6 5. Bg2 Bb7 6. 0-0 Be7 7. Re1 d6 8. e4 a6 9. d4 cxd4 10. Nxd4 Qc7 11. Be3 Nbd7 12. f4 Rc8 13. Rc1 Qb8 14. b3 0-0 15. Bf2 Rfe8 16. e5 Bxg2 17. exf6 Ba8 18. fxe7 Qb7 19. Nf3 Qxf3 20. Qxf3 Bxf3 21. Re3 Bc6 22. Rd3 g5 23. fxg5 Ne5 24. Rxd6 Nf3+ 25. Kg2 Nh4+ 26. Kh3 Nf5 27. Rd2 Rb8 28. a4 Nxe7 29. b4 b5 30. cxb5 axb5 31. a5 Ra8 32. Rd6 Rec8 33. Bc5 Nf5 34. Rd3 Ng7 35. g4 Ne8 36. Kg3 Nc7 37. h4 Na6 38. Be7 Rc7 39. Bf6 Nxb4 40. Rd6 Be8 41. Rb1 Rc4 42. Rbd1 Kf8 43. Rd8 Rcc8 44. Rxc8 Rxc8 45. Rb1 Rc4 46. h5 Bc6 47. Kh4 Ke8 48. a6 e5 49. Rd1 Rd4 50. Ra1 Bd7 51. Kg3 Rxg4+ 52. Kf3 Rc4 53. Bxe5 Bc6+ 54. Kg3 Nd3 55. Bf6 b4 56. a7 bxc3 57. a8Q+ Bxa8 58. Rxa8+ Kd7 59. Rd8+ Ke6 60. Rxd3 c2 61. Re3+ Kd7 62. Bb2 c1Q 63. Bxc1 Rxc1 1/2-1/2

[Event "Serpukhov-A"]
[Site "Serpukhov"]
[Date "2003.??.??"]
[Round "11"]
[White "Kim, Alexey"]
[Black "Abashev, Denis"]
[Result "0-1"]
[WhiteElo "2413"]
[BlackElo "2407"]
[PlyCount "86"]
[EventDate "2003.01.??"]
[EventType "tourn"]
[EventRounds "17"]
[EventCountry "RUS"]
[EventCategory "8"]
[SourceTitle "EXT 2004"]
[Source "ChessBase"]
[SourceDate "2003.11.25"]
[SourceVersion "1"]
[SourceVersionDate "2003.11.25"]
[SourceQuality "1"]

1. e4 c5 2. Nf3 d6 3. c3 Nf6 4. Be2 Nbd7 5. Qc2 Qc7 6. d3 g6 7. 0-0 Bg7 8. Re1 0-0 9. a4 b6 10. Na3 Bb7 11. Bf1 Rad8 12. g3 e5 13. Bg2 h6 14. Nh4 d5 15. f3 a6 16. Be3 Kh7 17. Rac1 Qd6 18. Bf2 Nh5 19. Bh3 Nhf6 20. Rcd1 Rfe8 21. Qb3 Qc7 22. Bg2 c4 23. dxc4 dxe4 24. a5 bxa5 25. Qc2 exf3 26. Nxf3 e4 27. Nd2 Nc5 28. Re2 Bc8 29. h3 e3 30. Rxe3 Rxe3 31. Bxe3 Bf5 32. Qc1 Nd3 33. Qa1 Bxh3 34. Nf1 Bxg2 35. Kxg2 Qc6+ 36. Kg1 Qf3 37. Rd2 Ne4 38. Rg2 Ne5 39. Bd4 Qh5 40. Nh2 Ng5 41. g4 Qh3 42. Bxe5 Bxe5 43. Nf1 Bd6 0-1

[Event "RUS-chT2"]
[Site "Novokuznetsk"]
[Date "2003.??.??"]
[Round "6"]
[White "Mezentsev, Igor"]
[Black "Abashev, Denis"]
[Result "0-1"]
[WhiteElo "2292"]
[BlackElo "2407"]
[PlyCount "38"]
[EventDate "2003.??.??"]
[EventType "team"]
[EventRounds "9"]
[EventCountry "RUS"]
[SourceTitle "EXT 2005"]
[Source "ChessBase"]
[SourceDate "2004.11.15"]
[SourceVersion "1"]
[SourceVersionDate "2004.11.15"]
[SourceQuality "1"]

1. e4 c5 2. Nf3 d6 3. d4 cxd4 4. Nxd4 Nf6 5. Nc3 Nc6 6. Bc4 e6 7. Be3 a6 8. Qe2 Qc7 9. 0-0-0 Na5 10. Bd3 b5 11. a3 Bb7 12. Bg5 Be7 13. Bxf6 Bxf6 14. Ndxb5 axb5 15. Nxb5 Qc5 16. f4 0-0 17. b4 Nb3+ 18. Kb1 Qxb4 19. e5 Rxa3 0-1